000 01009naa a22002897a 4500
001 BR8204167
003 BR-BrBNA
005 20240918175128.0
007 ta
008 230509b bl.||||| |||| 00| 0 por d
040 _aBR-BrBNA
_bpor
_cBiblioteca Nacional de Agricultura
041 _a(Pt)
072 _aF00; F30
_b1410
_bG514
090 _aF00 BR8204167
100 1 _aSilva, C.C. da
245 1 _aComportamento de cultivares de feijao nas regioes do Alto Sao Francisco e Noroeste de Minas Gerais [Brasil]
260 3 _aBelo Horizonte, MG (Brasil):
_c1982.
500 _aProjeto feijao. Relatorio 78/79 Belo Horizonte, MG (Brasil): 1982. p. 86-89 (BR8204167-AM)F00
650 _aFEIJAO
650 _aCOMPORTAMENTO DE VARIEDADE
650 _aPRATICA CULTURAL
650 _aALTO SAO FRANCISCO
650 _aMINAS GERAIS
773 0 _tProjeto feijao. Relatorio 78/79
_wF00 BR8204167
_gBelo Horizonte, MG (Brasil), 1982. p. 86-89
909 _a202404
_bLucia
_c55
_dLucia Elande
942 _cAM
_2AGRIS
999 _c315159
_d315159